01259nam a2200277 i 4500001000300000100002200003245015100025246013300176260006900309300004300378490007900421500007900500504002600579546001900605650003500624650002300659650002200682830008000704022001300784040000800797041001300805044000800818080001600826008004100842856009800883bg1 aGarbacz, Andrzej.0 aNieniszczące badania betonopodobnych kompozytów polimerowych za pomocą fal sprężystych - ocena skuteczności napraw /cAndrzej Garbacz. iTyt. równol. :aNondestructive investigations of polymer-concrete composites using stress waves - repair efficiency evaluatoin aWarszawa :bOficyna Wydawnicza Politechniki Warszawskiej,c2007. a208 s. :bil. (w tym kolor.) ;c24 cm. aPrace Naukowe / Politechnika Warszawska. Budownictwo,x0137-2297 ;vz. 147 aOpis wg okł. Tyt. nagł. serii : Prace Naukowe Politechniki Warszawskiej. aBibliogr. s. 186-205. aStreszcz. ang. 9aBadania nieniszczącexmetody 9aKompozytyxbadanie 9aPolimeryxbadanie 0aPrace Naukowe - Politechnika Warszawska.pBudownictwo,x0137-2297 ;vz. 147 a01372297 cBPK0 apolbeng aPOL a678.7:620.1 s pl f |000 0 pol  uhttp://koha.tu.koszalin.pl/cgi-bin/koha/opac-detail.pl?biblionumber=55074yKatalog online BPK